| 000 | 00591nam a2200193 a 4500 | ||
|---|---|---|---|
| 001 | 533 | ||
| 003 | CDMR | ||
| 005 | 20130327134748.0 | ||
| 008 | 130130s1993||||||||||||||||||||||||||||d | ||
| 020 | _a848112012X | ||
| 040 |
_aCDMR _bcat _cCDMR |
||
| 245 | 0 | 0 |
_aComunicación social 1993 _b: tendencias _c[dirección de este informe : Obdulio Martín Bernal, editor ; Bernardo Díaz Nosty, director] |
| 260 |
_aMadrid _c1993 _bFundesco |
||
| 300 |
_a294 p ; _c26 cm |
||
| 490 | 0 | _aInformes anuales de Fundesco | |
| 700 | 1 |
_91251 _aDíaz Nosty, Bernardo |
|
| 710 | 2 |
_9385 _aFUNDESCO |
|
| 942 |
_cMON _2udc |
||
| 999 |
_c533 _d533 |
||